|
|
|
|
| LEADER |
00000cam a2200000 a 4500 |
| 001 |
3668 |
| 003 |
CZ-ZlUTB |
| 005 |
20190825231714.0 |
| 007 |
ta |
| 008 |
950218s1968 ru 001 0 rus |
| 040 |
|
|
|a ZLD002
|b cze
|c ZLD002
|d ZLD002
|
| 041 |
1 |
|
|a rus
|h eng
|
| 072 |
|
7 |
|a 519.1/.8
|x Kombinatorika. Teorie grafů. Matematická statistika. Operační výzkum. Matematické modelování
|2 Konspekt
|9 13
|
| 080 |
|
|
|a 519.21
|2 MRF
|
| 080 |
|
|
|a 539.219.3
|2 MRF
|
| 080 |
|
|
|a 531.55
|2 MRF
|
| 100 |
1 |
|
|a Itö, Kiyosi,
|d 1915-2008
|7 stk2007393714
|4 aut
|
| 245 |
1 |
0 |
|a Diffuzionnyje processy i ich trajektorii /
|c K. Ito, H. P. McKean
|
| 260 |
|
|
|a Moskva :
|b Mir,
|c 1968
|
| 300 |
|
|
|a 394 s.
|c 22 cm
|
| 500 |
|
|
|a Přeloženo z angličtiny
|
| 504 |
|
|
|a Obsahuje bibliografii a rejstřík
|
| 650 |
0 |
7 |
|a teorie pravděpodobnosti
|7 ph116429
|2 czenas
|
| 650 |
0 |
7 |
|a difuze
|7 ph135368
|2 czenas
|
| 650 |
0 |
7 |
|a trajektorie
|7 ph644351
|2 czenas
|
| 650 |
0 |
9 |
|a probability theory
|2 eczenas
|
| 650 |
0 |
9 |
|a diffusion
|2 eczenas
|
| 650 |
0 |
9 |
|a trajectories
|2 eczenas
|
| 655 |
|
7 |
|a monografie
|7 fd132842
|2 czenas
|
| 655 |
|
9 |
|a monographs
|2 eczenas
|
| 700 |
1 |
|
|a McKean, Henry P.,
|d 1930-
|7 xx0155250
|4 aut
|
| 765 |
0 |
|
|t Diffusion processes and their sample paths
|9 Rusky
|
| 910 |
|
|
|a ZLD002
|
| 952 |
|
|
|0 0
|1 0
|4 0
|6 519ITOK
|7 0
|8 BOOK
|9 5903
|a UTBZL
|b UTBZL
|c 030
|d 2006-07-29
|i 45472
|l 0
|o 519/ITO,K.
|p 420010001721
|r 2019-08-25 00:00:00
|w 2019-08-25
|x 20100831
|y 05
|
| 992 |
|
|
|a BK
|b SK
|
| 999 |
|
|
|c 3668
|d 3668
|